Экономическая география и регионалистика мира: учебное пособие для вузов

Manylion Llyfryddiaeth
Awdur Corfforaethol: Национальный исследовательский Томский политехнический университет (ТПУ)
Awduron Eraill: Иванова М. В. Маргарита Викторовна (составитель)
Crynodeb:В пособии представлены глоссарий по курсу «Экономическая география и регионалистика мира» и задания тестового характера по его основным тематическим разделам. Предназначено для студентов, обучающихся по специальности 036401 «Таможенное дело».
Iaith:Rwseg
Cyhoeddwyd: Томск, Изд-во ТПУ, 2012
Pynciau:
Fformat: Llyfr
KOHA link:https://koha.lib.tpu.ru/cgi-bin/koha/opac-detail.pl?biblionumber=232376

MARC

LEADER 00000nam0a2200000 4500
001 232376
005 20231101231151.0
035 |a (RuTPU)RU\TPU\book\253416 
090 |a 232376 
100 |a 20130212d2012 m y0rusy50 ca 
101 0 |a rus 
102 |a RU 
105 |a y j 001zy 
200 1 |a Экономическая география и регионалистика мира  |e учебное пособие для вузов  |f Национальный исследовательский Томский политехнический университет (ТПУ) ; сост. М. В. Иванова 
210 |a Томск  |c Изд-во ТПУ  |d 2012 
215 |a 67 с. 
320 |a Терминологический словарь: с. 5-32. 
330 |a В пособии представлены глоссарий по курсу «Экономическая география и регионалистика мира» и задания тестового характера по его основным тематическим разделам. Предназначено для студентов, обучающихся по специальности 036401 «Таможенное дело». 
606 1 |a Экономическая география  |2 stltpush  |3 (RuTPU)RU\TPU\subj\26570  |9 50467 
610 1 |a регионалистика 
610 1 |a страны мира 
610 1 |a территориальная организация 
610 1 |a страны мира 
610 1 |a природные ресурсы 
610 1 |a население 
610 1 |a мировое хозяйство 
610 1 |a промышленность 
610 1 |a сельское хозяйство 
610 1 |a транспорт 
610 1 |a учебные пособия 
610 1 |a труды учёных ТПУ 
686 |a У04я73  |v LBC/SL-A  |2 rubbk 
702 1 |a Иванова  |b М. В.  |c историк  |c доцент Томского политехнического университета, кандидат исторических наук  |f 1942-  |g Маргарита Викторовна  |2 stltpush  |3 (RuTPU)RU\TPU\pers\26637  |4 220 
712 0 2 |a Национальный исследовательский Томский политехнический университет (ТПУ)  |c (2009- )  |2 stltpush  |3 (RuTPU)RU\TPU\col\15902 
801 1 |a RU  |b 63413507  |c 20130212 
801 2 |a RU  |b 63413507  |c 20131016  |g RCR 
900 |a Экономическая география и регионалистика 
942 |c BK